15 krajów o największej liczbie zgonów Covid19 - 14 maja - Statystyki

Ogólne statystyki
  • Ten quiz został rozwiązany 137 razy
  • Średni wynik to 13 z 21
Statystyki odpowiedzi
kraj % Poprawnych
Stany Zjednoczone
97%
Chiny
96%
Niemcy
91%
Włochy
91%
Hiszpania
90%
Francja
84%
Wielka Brytania
78%
Kanada
76%
Brazylia
74%
Meksyk
65%
Szwecja
59%
Szwecja
59%
Portugalia
54%
Holandia
51%
Turcja
51%
Belgia
48%
Iran
44%
Dania
42%
Szwajcaria
34%
Irlandia
33%
Ekwador
7%
Nie znaleziono quizów pasujących do podanych kryteriów
Rozkład punktacji
Procent ludzi z każdym wynikiem
Percentyl według liczby udzielonych odpowiedzi
Twoja historia wyników
Nie rozwiązałeś tego quizu